000
00221nam a22000857a 4500
008
170614b xxu||||| |||| 00| 0 eng d
100
_9
3410
_a
Sharma. S. N
245
_a
Mental Mathematics - 1
260
_a
New Delhi
_b
G. B. P
_c
2008
999
_c
6772
_d
6772